[Event "Mechanics' Fall TNM; 30/90, SD/30"]
[Site "San Francisco"]
[Date "2010.10.20"]
[Round "1.17"]
[White "Ramachandran, Jayakrishnan"]
[Black "Barrow, Lyle"]
[Result "1-0"]
[WhiteElo "1898"]
[BlackElo "1503"]
[PlyCount "90"]
[EventDate "2010.??.??"]

1. e4 e6 2. d4 d5 3. Nd2 Nf6 4. e5 Nfd7 5. c3 c5 6. Ne2 Nc6 7. Nf3 h6 8. g3 Be7
9. Bg2 b6 10. O-O Ba6 11. a3 Bxe2 12. Qxe2 Qc7 13. Be3 c4 14. Nd2 h5 15. h4 g6
16. Bh3 Bf8 17. Bg5 Be7 18. Nf3 Nf8 19. Qd2 Nh7 20. Bh6 Bf8 21. Bf4 Be7 22. Qc2
Nd8 23. Rfc1 Qc6 24. b3 b5 25. Bg2 Rb8 26. b4 a6 27. a4 Kd7 28. axb5 Rxb5 29.
Qa4 Rb6 30. Rc2 Nb7 31. Rca2 Qxa4 32. Rxa4 Ra8 33. Kf1 Kc7 34. Ke2 Nd8 35. Ke3
Kb7 36. Bh6 Nc6 37. Kf4 Na7 38. Nd2 Nb5 39. Nxc4 Nxc3 40. Nxb6 Nxa4 41. Nxa4
Bxb4 42. Ke3 a5 43. Kd3 Rc8 44. Rc1 Rxc1 45. Bxc1 Kc6 1-0

[Event "Mechanics' Fall TNM; 30/90, SD/30"]
[Site "San Francisco"]
[Date "2010.11.30"]
[Round "7.14"]
[White "Ramachandran, Jayakrishnan"]
[Black "Morgan, Jerry"]
[Result "1-0"]
[WhiteElo "1898"]
[BlackElo "1478"]
[PlyCount "71"]
[EventDate "2010.??.??"]

1. e4 c6 2. d4 d5 3. exd5 cxd5 4. Nf3 Nf6 5. Bd3 Bg4 6. Be2 Nc6 7. c3 e6 8. O-O
Qc7 9. Be3 Bd6 10. Nbd2 O-O 11. h3 Bxf3 12. Nxf3 Na5 13. Nd2 Rac8 14. Rc1 Bf4
15. Bd3 Bxe3 16. fxe3 Qg3 17. Qf3 Qxf3 18. gxf3 Nc4 19. Bxc4 dxc4 20. e4 b5 21.
b3 Nh5 22. f4 Nf6 23. Kf2 Rc7 24. bxc4 bxc4 25. Rb1 Nd7 26. Rb4 Nb6 27. a4 Rfc8
28. a5 Nd7 29. Ra1 Rb8 30. Rab1 Rxb4 31. Rxb4 h6 32. Rxc4 Rxc4 33. Nxc4 Nf6 34.
Ke3 Kf8 35. Nd6 a6 36. Nb7 1-0

[Event "Mechanics' Fall TNM; 30/90, SD/30"]
[Site "San Francisco"]
[Date "2010.12.07"]
[Round "8.2"]
[White "Rumph, Todd"]
[Black "Goins, Demetrius"]
[Result "0-1"]
[WhiteElo "2051"]
[BlackElo "2035"]
[PlyCount "86"]
[EventDate "2010.??.??"]

1. d4 d5 2. c4 e6 3. Nc3 Nf6 4. cxd5 exd5 5. Bg5 Nbd7 6. e3 c6 7. Bd3 Bd6 8.
Qc2 Nf8 9. Nge2 Ng6 10. O-O-O h6 11. Bxf6 Qxf6 12. f3 Nh4 13. Ng3 O-O 14. Kb1
Bxg3 15. hxg3 Nf5 16. Qf2 Qg5 17. Rhe1 Qxg3 18. Qg1 Nh4 19. Re2 f5 20. Rf2 Bd7
21. Ne2 Qd6 22. g3 Ng6 23. Qg2 Rae8 24. f4 Rxe3 25. Ng1 Re7 26. Nf3 Qf6 27. Qf1
Re3 28. Bc2 Qe6 29. Qg2 Re8 30. Ne5 Nxe5 31. fxe5 Qg6 32. Rg1 Qg5 33. Rf4 Qh5
34. Bd1 Qf7 35. g4 Re4 36. Rgf1 Rxf4 37. Rxf4 Qg6 38. Bc2 Qg5 39. Qf1 fxg4 40.
Rf7 Be6 41. Rxb7 Rf8 42. Bh7+ Kxh7 43. Qxf8 Bf5+ 0-1

[Event "Mechanics' Fall TNM; 30/90, SD/30"]
[Site "San Francisco"]
[Date "2010.11.30"]
[Round "7.2"]
[White "Rumph, Todd"]
[Black "Manvelyan, Hayk"]
[Result "1-0"]
[WhiteElo "2051"]
[BlackElo "2167"]
[PlyCount "57"]
[EventDate "2010.??.??"]

1. c4 d5 2. cxd5 Qxd5 3. Nf3 e5 4. Nc3 Qa5 5. g3 Nf6 6. Bg2 c6 7. d4 exd4 8.
Nxd4 Bb4 9. O-O Bxc3 10. bxc3 Qxc3 11. Bg5 Nbd7 12. Rc1 Qa5 13. Bxf6 Nxf6 14.
Nxc6 bxc6 15. Bxc6+ Bd7 16. Bxa8 O-O 17. Bg2 a6 18. Qc2 Be6 19. Ra1 Nd5 20.
Bxd5 Qxd5 21. Rfd1 Qe5 22. Qd3 a5 23. f4 Qh5 24. Rab1 Bh3 25. Rb5 Qh6 26. Qd6
g6 27. Rb8 Bc8 28. Rc1 Qh3 29. Qc5 1-0

[Event "Mechanics' Fall TNM; 30/90, SD/30"]
[Site "San Francisco"]
[Date "2010.10.20"]
[Round "1.9"]
[White "Rumph, Todd"]
[Black "Milliken, William"]
[Result "1-0"]
[WhiteElo "2051"]
[BlackElo "1681"]
[PlyCount "61"]
[EventDate "2010.??.??"]

1. c4 Nf6 2. g3 e6 3. Bg2 d5 4. Nf3 c5 5. O-O Nc6 6. cxd5 exd5 7. d4 Bg4 8. Ne5
Be6 9. Nxc6 bxc6 10. dxc5 Bxc5 11. Qc2 Qb6 12. Nc3 Bd4 13. Na4 Qb5 14. Rd1 Be5
15. Be3 O-O 16. Rac1 Rab8 17. b3 a5 18. Bd4 Bxd4 19. Rxd4 Nd7 20. e4 c5 21.
exd5 cxd4 22. dxe6 d3 23. Qd2 Ne5 24. Rc5 Qb4 25. Qxb4 axb4 26. e7 Rfe8 27.
Rxe5 d2 28. Nb2 Rbc8 29. Bf3 Rc2 30. Rd5 $1 Rxb2 31. Rd8 1-0

[Event "Mechanics' Fall TNM; 30/90, SD/30"]
[Site "San Francisco"]
[Date "2010.11.09"]
[Round "4.7"]
[White "Rumph, Todd"]
[Black "Shnaiderman, Lazar"]
[Result "1-0"]
[WhiteElo "2051"]
[BlackElo "1862"]
[PlyCount "47"]
[EventDate "2010.??.??"]

1. c4 c5 2. g3 g6 3. Bg2 Nc6 4. Nc3 Bg7 5. Nf3 d6 6. O-O e5 7. a3 Nge7 8. b4
cxb4 9. axb4 Nxb4 10. d4 O-O 11. Ba3 Nbc6 12. d5 Nb8 13. Nb5 Nf5 14. e4 a6 15.
Bb4 Nd4 16. Nfxd4 exd4 17. Nxd6 Qc7 18. f4 Rd8 19. e5 Bf8 20. Qxd4 Nd7 21. Kh1
h6 22. Nxf7 Bxb4 (22... Kxf7 23. d6 (23. e6+ Kg8 24. Bc3) 23... Qb6 24. Bd5+
Kg7 25. c5 Qb5 26. e6+ Nf6 27. Bc3) 23. e6 Kf8 24. Nxd8 1-0

[Event "Mechanics' Fall TNM; 30/90, SD/30"]
[Site "San Francisco"]
[Date "2010.11.02"]
[Round "3.9"]
[White "Salvo, Tab"]
[Black "Fuentes, Romulo"]
[Result "0-1"]
[WhiteElo "1762"]
[BlackElo "2235"]
[PlyCount "48"]
[EventDate "2010.??.??"]

1. Nf3 c5 2. c4 Nf6 3. g3 Nc6 4. Nc3 d5 5. b3 d4 6. Nb5 a6 7. Na3 e5 8. d3 e4
9. Ng5 e3 10. fxe3 dxe3 11. Bg2 Ng4 12. O-O Qxg5 13. Nc2 Nd4 14. Rf4 Nf2 15.
Rxf2 exf2+ 16. Kxf2 Qf6+ 17. Bf3 Nxc2 18. Qxc2 Qxa1 19. Be3 Qe5 20. Qd2 Bd6 21.
Kg2 h5 22. d4 Qe7 23. Bg5 f6 24. Be3 h4 0-1

[Event "Mechanics' Fall TNM; 30/90, SD/30"]
[Site "San Francisco"]
[Date "2010.12.07"]
[Round "8.21"]
[White "Salvo, Tab"]
[Black "Milliken, William"]
[Result "0-1"]
[WhiteElo "1762"]
[BlackElo "1681"]
[PlyCount "74"]
[EventDate "2010.??.??"]

1. Nf3 d5 2. c4 Nf6 3. cxd5 Nxd5 4. g3 Bg4 5. Bg2 Nc6 6. O-O e6 7. d3 Be7 8. a3
Qd7 9. h3 Bh5 10. b4 Bf6 11. Ra2 O-O 12. Rc2 Bxf3 13. exf3 a5 14. bxa5 Rxa5 15.
f4 Nd4 16. Rd2 Qb5 17. Rb2 Nf3+ 18. Bxf3 Bxb2 19. Bd2 Raa8 20. Qc2 Bxa3 21.
Nxa3 Rxa3 22. Rb1 Qxd3 23. Be4 Qxc2 24. Bxc2 Ra2 25. Rc1 Rfa8 26. Kg2 Ra1 27.
Be4 Rxc1 28. Bxc1 b5 29. Bb2 c5 30. f5 c4 31. fxe6 fxe6 32. Bd4 b4 33. f4 Ra2+
34. Kf1 c3 35. Ke1 b3 36. Bxd5 exd5 37. Bxc3 b2 0-1

[Event "Mechanics' Fall TNM; 30/90, SD/30"]
[Site "San Francisco"]
[Date "2010.11.16"]
[Round "5.20"]
[White "Salvo, Tab"]
[Black "Rakonitz, David"]
[Result "1-0"]
[WhiteElo "1762"]
[BlackElo "1347"]
[PlyCount "49"]
[EventDate "2010.??.??"]

1. Nf3 Nf6 2. c4 e6 3. b3 b6 4. g3 Bb7 5. Bg2 Be7 6. O-O O-O 7. Bb2 d5 8. d4 c5
9. e3 cxd4 10. Nxd4 Nc6 11. Nd2 Nxd4 12. exd4 Qc7 13. Re1 Bb4 14. Re3 Ng4 15.
Qxg4 Bxd2 16. Re2 Bh6 17. Qf3 Rfd8 18. Rae1 Rd7 19. Qc3 dxc4 20. Bxb7 Qxb7 21.
bxc4 Kf8 22. Qb4+ Kg8 23. d5 Re8 24. dxe6 Rde7 25. exf7+ (25. Ba3 Rxe6 26. Rxe6
fxe6 27. Rxe6 Qd7 28. Rxe8+ Qxe8 29. c5 bxc5) 1-0

[Event "Mechanics' Fall TNM; 30/90, SD/30"]
[Site "San Francisco"]
[Date "2010.10.26"]
[Round "2.16"]
[White "Salvo, Tab"]
[Black "Starr, Albert"]
[Result "1-0"]
[WhiteElo "1762"]
[BlackElo "1494"]
[PlyCount "135"]
[EventDate "2010.??.??"]

1. Nf3 b5 2. d3 Bb7 3. b3 e6 4. Bb2 Nf6 5. e4 d6 6. g3 Be7 7. Nbd2 O-O 8. Bg2
Nbd7 9. O-O c5 10. Re1 a5 11. d4 cxd4 12. Nxd4 b4 13. c3 Nc5 14. Qc2 Rc8 15. c4
Ng4 16. h3 Ne5 17. Bf1 Bf6 18. Rad1 Nc6 19. N2f3 Qb6 20. Nb5 Bxb2 21. Qxb2 Na7
22. Nxd6 Rcd8 23. Nxb7 Qxb7 24. Rxd8 Rxd8 25. Qc2 f5 26. Nd2 g6 27. exf5 exf5
28. Bg2 Qg7 29. Bd5+ Kh8 30. Nf3 Nc8 31. Ne5 Nd6 32. Qe2 Nce4 33. Nc6 Re8 34.
Qc2 Qh6 35. Kg2 Qg5 36. c5 Nb5 37. Qd3 Nbc3 38. Qd4+ Qf6 39. Qxf6+ Nxf6 40.
Rxe8+ Nxe8 41. Bf7 Nc7 42. Nxa5 Nxa2 43. c6 Kg7 44. Bc4 Kf6 45. Kf3 Ke5 46. Ke3
g5 47. Bg8 h6 48. Nc4+ Kf6 49. Kd4 Nc3 50. Ke3 Ne4 51. Nd2 Nd6 52. Kd4 Ke7 53.
Kc5 Ndb5 54. Kxb4 Kd6 55. Nc4+ Kxc6 56. Ne5+ Kb6 57. Nf7 Nd5+ 58. Kc4 Nf6 59.
Nxh6 Nd6+ 60. Kd3 Kc5 61. Be6 f4 62. Nf7 Nxf7 63. Bxf7 Kb4 64. Kd4 fxg3 65.
fxg3 Nd7 66. Ke4 Kc5 67. Kf5 Kd6 68. Kxg5 1-0

[Event "Mechanics' Fall TNM; 30/90, SD/30"]
[Site "San Francisco"]
[Date "2010.11.30"]
[Round "7.17"]
[White "Salvo, Tab"]
[Black "Thomas, Melvin"]
[Result "0-1"]
[WhiteElo "1762"]
[BlackElo "1613"]
[PlyCount "98"]
[EventDate "2010.??.??"]

1. Nf3 d5 2. c4 c6 3. c5 Nf6 4. g3 Bf5 5. Bg2 h6 6. O-O e6 7. d4 Be7 8. Nc3 O-O
9. Re1 Na6 10. a3 Nc7 11. b4 a5 12. Bb2 axb4 13. axb4 Rxa1 14. Qxa1 Na6 15. Qa4
Nd7 16. Ra1 Ndb8 17. b5 cxb5 18. Qxb5 Qc8 19. Rb1 $4 Bxb1 20. Nxb1 Nc6 21. Bc3
Qa8 22. Bf1 Nc7 23. Qd3 Ne8 24. e3 Nf6 25. Nfd2 Qa4 26. Be2 Nb4 27. Bxb4 Qxb4
28. Bd1 Ra8 29. Bc2 Ra1 30. Kg2 Qb2 31. h3 Ra2 32. Bb3 Ra1 33. g4 Ne4 34. Bc2
f5 35. gxf5 exf5 36. Bb3 Nf6 37. Qxf5 Rxb1 38. Bxd5+ Nxd5 39. Qxd5+ Kh8 40.
Nxb1 Qxb1 41. Qe6 Bf6 42. d5 Qg6+ 43. Kh2 Qh5 44. Qc8+ Kh7 45. Qxb7 Be5+ 46.
Kg2 Qg6+ 47. Kf1 Qd3+ 48. Kg2 Qe4+ 49. Kg1 Qg6+ {
Both players quit keeping score here. Black later won.} 0-1

[Event "Mechanics' Fall TNM; 30/90, SD/30"]
[Site "San Francisco"]
[Date "2010.10.20"]
[Round "1.5"]
[White "Shakhnazarov, Oleg"]
[Black "Litowsky, Daniel"]
[Result "1-0"]
[WhiteElo "2165"]
[BlackElo "1700"]
[PlyCount "35"]
[EventDate "2010.??.??"]

1. e4 e5 2. f4 d6 3. Nf3 Nc6 4. Bc4 Be7 5. O-O Nf6 6. Nc3 O-O 7. d3 a6 8. a4 h6
9. f5 Bd7 10. h3 Qe8 11. Be3 Kh7 12. g4 Ng8 13. Nd5 Rc8 14. g5 hxg5 15. Nxe7
Qxe7 16. Nxg5+ Kh8 17. Qh5+ Nh6 18. f6 1-0

[Event "Mechanics' Fall TNM; 30/90, SD/30"]
[Site "San Francisco"]
[Date "2010.11.02"]
[Round "3.3"]
[White "Shakhnazarov, Oleg"]
[Black "Manvelyan, Hovik"]
[Result "1-0"]
[WhiteElo "2165"]
[BlackElo "2023"]
[PlyCount "71"]
[EventDate "2010.??.??"]

1. d4 c6 2. Nf3 Nf6 3. Bf4 Qb6 4. Qc1 d6 5. Nbd2 g6 6. h3 Nd5 7. Bh2 Bg7 8. e3
O-O 9. c3 Qd8 10. Bd3 b6 11. e4 Nc7 12. O-O Nd7 13. Re1 Bb7 14. Qc2 c5 15. e5
dxe5 16. dxe5 Ne6 17. a4 a6 18. Bc4 h6 19. Bxe6 fxe6 20. Qxg6 Kh8 21. Qxe6 Qe8
22. Nh4 Rf7 23. f4 Rc8 24. f5 Rc6 25. Qc4 e6 26. f6 Nxf6 27. exf6 Bxf6 28. Ndf3
Rg7 29. Qf4 Bxh4 30. Qxh4 Qg6 31. Re2 Rc8 32. Qg4 Qxg4 33. hxg4 Rxg4 34. Ne5
Re4 35. Rxe4 Bxe4 36. Nf7+ 1-0

[Event "Mechanics' Fall TNM; 30/90, SD/30"]
[Site "San Francisco"]
[Date "2010.11.30"]
[Round "7.5"]
[White "Shakhnazarov, Oleg"]
[Black "Ochoa, Jason"]
[Result "1-0"]
[WhiteElo "2165"]
[BlackElo "1900"]
[PlyCount "79"]
[EventDate "2010.??.??"]

1. e4 Nc6 2. Nf3 d6 3. d4 Bg4 4. Be2 e5 5. c3 Nf6 6. h3 Bh5 7. O-O Nxe4 8. d5
Ne7 9. Qa4+ c6 10. Qxe4 Nxd5 11. Qc2 Be7 12. c4 Bg6 13. Qb3 Nb6 14. Rd1 Qc7 15.
Nc3 Nd7 16. Be3 O-O 17. Rd2 f5 18. c5+ Bf7 19. cxd6 Bxb3 20. dxc7 Be6 21. Bc4
Bxc4 22. Rxd7 Bf6 23. Bg5 Be6 24. Rd6 Kf7 25. Re1 e4 26. Nd4 Bxg5 27. Nxe6 Be7
28. Nd8+ Bxd8 29. cxd8=Q Raxd8 30. Red1 Rxd6 31. Rxd6 Ke7 32. Rd2 Re8 33. Kf1
g5 34. g4 fxg4 35. hxg4 Kf6 36. Ke2 Ke5 37. Ke3 Rf8 38. Nxe4 Rf4 39. f3 h6 40.
Rh2 1-0

[Event "Mechanics' Fall TNM; 30/90, SD/30"]
[Site "San Francisco"]
[Date "2010.11.23"]
[Round "6.6"]
[White "Shakhnazarov, Oleg"]
[Black "Ramachandran, Jayakrishnan"]
[Result "1-0"]
[WhiteElo "2165"]
[BlackElo "1898"]
[PlyCount "93"]
[EventDate "2010.??.??"]

1. e4 e5 2. f4 exf4 3. Nf3 Ne7 4. d4 d5 5. Bd3 Ng6 6. exd5 Qxd5 7. O-O Be7 8.
Re1 Nc6 9. Nc3 Qd8 10. d5 Nb4 11. Bb5+ Bd7 12. a3 Na6 13. Bxa6 bxa6 14. Ne4 O-O
15. b4 Bb5 16. Bb2 f5 17. Nc5 Bxc5+ 18. bxc5 Rf7 19. Qd4 a5 20. Rad1 Qf6 21.
Qxf6 gxf6 22. Nd4 Ba4 23. Rc1 Rb8 24. Bc3 Rd7 25. d6 cxd6 26. c6 Re7 27. Nxf5
Rxe1+ 28. Rxe1 Bxc6 29. Bxf6 Re8 30. Rxe8+ Bxe8 31. Nxd6 Bc6 32. c4 Nf8 33. Nc8
Kf7 34. Bc3 a6 35. Bxa5 Ke6 36. Kf2 Ng6 37. Nb6 Ke5 38. Bc3+ Ke4 39. a4 Ne5 40.
h3 Nd3+ 41. Ke2 Nc5 42. a5 Na4 43. Ba1 Nc5 44. Nc8 Kf5 45. Ne7+ Ke4 46. Nxc6 h5
47. Bd4 1-0

[Event "Mechanics' Fall TNM; 30/90, SD/30"]
[Site "San Francisco"]
[Date "2010.11.30"]
[Round "7.8"]
[White "Sherwood, Peter"]
[Black "Gaffagan, Steven"]
[Result "1/2-1/2"]
[WhiteElo "1808"]
[BlackElo "2054"]
[PlyCount "160"]
[EventDate "2010.??.??"]

1. e4 c5 2. Nf3 Nc6 3. d4 cxd4 4. Nxd4 Nf6 5. Nc3 e5 6. Ndb5 d6 7. Bg5 a6 8.
Na3 b5 9. Nd5 Be7 10. Nxe7 Nxe7 11. Bd3 Bb7 12. Qf3 Nd7 13. O-O O-O 14. Qg4 Kh8
15. c3 f6 16. Be3 f5 17. exf5 e4 18. Bd4 Nxf5 19. Bxe4 Bxe4 20. Qxe4 Qg5 21.
Nc2 Rae8 22. Qd3 Re6 23. Be3 Nxe3 24. Nxe3 Rh6 25. Rad1 Qh5 26. h3 Qg5 27. Qd5
Qg6 28. Qd3 Qf7 29. Qd5 Qf4 30. Rd4 Qe5 31. Rfd1 Nc5 32. Qxe5 dxe5 33. Rd8 Kg8
34. Rxf8+ Kxf8 35. Kf1 Na4 36. Rd2 Rc6 37. Ke2 g6 38. Kf3 Nc5 39. Ng4 e4+ 40.
Ke3 Re6 41. Kd4 Rd6+ 42. Ke3 Rxd2 43. Kxd2 Nd3 44. b3 h5 45. Nf6 Nxf2 46. Ke2
Nd3 47. Nxe4 Nf4+ 48. Kf3 Nd5 49. c4 bxc4 50. bxc4 Nb4 51. a4 Nc6 52. c5 Kf7
53. Kf4 Ke6 54. Nc3 Ne7 55. Ke4 g5 56. Ne2 Ng6 57. Nd4+ Kd7 58. Kf5 Nf4 59.
Kxg5 Nxg2 60. Kxh5 Nf4+ 61. Kg4 Nd3 62. c6+ Ke7 63. Kf5 Nb2 64. h4 Nxa4 65. h5
Kf7 66. h6 Nb6 67. c7 a5 68. Nb5 a4 69. Ke5 Kg6 70. Kd6 Kxh6 71. Kc6 Nc8 72.
Kc5 (72. Kb7 Nd6+ 73. Nxd6 a3) 72... Kg7 73. Kb4 a3 74. Kxa3 Kf6 75. Ka4 Ke7
76. Ka5 Kd7 77. Ka6 Kc6 78. Ka5 Nd6 79. Kb4 Kb7 80. Kc5 Nxb5 1/2-1/2

[Event "Mechanics' Fall TNM; 30/90, SD/30"]
[Site "San Francisco"]
[Date "2010.11.09"]
[Round "4.11"]
[White "Sherwood, Peter"]
[Black "Gray, William"]
[Result "0-1"]
[WhiteElo "1808"]
[BlackElo "2006"]
[PlyCount "86"]
[EventDate "2010.??.??"]

1. e4 c5 2. Nf3 d6 3. d4 Nf6 4. Nc3 cxd4 5. Nxd4 g6 6. Be3 Bg7 7. f3 Nc6 8. Qd2
O-O 9. O-O-O Be6 10. Nxe6 fxe6 11. Bc4 Qc8 12. Bb3 Rb8 13. h4 b5 14. Bh6 a5 15.
Bxg7 Kxg7 16. h5 a4 17. hxg6 hxg6 18. Nxa4 bxa4 19. Bxa4 Ra8 20. Bb3 Na5 21.
Kb1 Nxb3 22. cxb3 Qa6 23. a3 Qb5 24. b4 Qe5 25. Rh3 Rh8 26. Rdh1 Rxh3 27. Rxh3
Rc8 28. a4 Rc4 29. b3 Rd4 30. Qe1 Nh5 31. Rh1 Qg5 32. Qc3 e5 33. g4 Ng3 34. Re1
Qh4 35. a5 Qh2 36. a6 Qf2 37. Rc1 Ne2 38. Qb2 Rxb4 39. a7 Qxa7 40. Qxe2 Rxb3+
41. Kc2 Qa3 42. Kd2 Qb4+ 43. Kd1 Qd4+ 0-1

[Event "Mechanics' Fall TNM; 30/90, SD/30"]
[Site "San Francisco"]
[Date "2010.10.26"]
[Round "2.10"]
[White "Sherwood, Peter"]
[Black "Grey, Peter"]
[Result "0-1"]
[WhiteElo "1808"]
[BlackElo "2016"]
[PlyCount "96"]
[EventDate "2010.??.??"]

1. e4 e5 2. Nf3 Nc6 3. Bb5 a6 4. Ba4 f5 5. d3 fxe4 6. dxe4 Nf6 7. Nbd2 d6 8. h3
Be7 9. c3 O-O 10. Bb3+ Kh8 11. Ng5 Qe8 12. O-O Qg6 13. Ndf3 h6 14. Ne6 Bxe6 15.
Bxe6 Nxe4 16. Bb3 Nc5 17. Bc2 e4 18. Be3 Nd3 19. Bxd3 exd3 20. Kh1 Ne5 21. Ne1
c5 22. c4 Nxc4 23. Nxd3 Nxe3 24. fxe3 Rxf1+ 25. Qxf1 Rf8 26. Nf4 Qe4 27. Qf3
Qxf3 28. gxf3 Kh7 29. Kg2 Bf6 30. Rb1 b5 31. Nd5 Rc8 32. Nxf6+ gxf6 33. Rd1 Rc6
34. f4 Kg6 35. Rd5 c4 36. Kf3 b4 37. Ke2 c3 38. bxc3 bxc3 39. Kd1 c2+ 40. Kc1
f5 41. Ra5 Kf6 42. Rd5 Ke6 43. Rd2 Rc3 44. h4 Rxe3 45. Kxc2 Re4 46. Rf2 Kd5 47.
Kd3 Ra4 48. Ke3 Ra3+ 0-1

[Event "Mechanics' Fall TNM; 30/90, SD/30"]
[Site "San Francisco"]
[Date "2010.12.07"]
[Round "8.11"]
[White "Sherwood, Peter"]
[Black "Todortsev, Victor"]
[Result "0-1"]
[WhiteElo "1808"]
[BlackElo "1922"]
[PlyCount "161"]
[EventDate "2010.??.??"]

1. e4 e5 2. Nf3 Nc6 3. Bb5 Nf6 4. O-O d6 5. d4 exd4 6. Nxd4 Bd7 7. Nc3 Be7 8.
Be3 O-O 9. Qf3 Ne5 10. Qd1 c6 11. Be2 Qc7 12. Nf3 Ng6 13. Qd2 b5 14. a3 a5 15.
Bd3 b4 16. axb4 axb4 17. Ne2 c5 18. Ng3 Ng4 19. Bg5 Rae8 20. Bc4 N4e5 21. Nxe5
Nxe5 22. Bd5 Be6 23. Bxe7 Qxe7 24. Rad1 Rd8 25. b3 Qh4 26. f3 g6 27. Qf2 Qh6
28. Qd2 Qh4 29. Qf2 Kh8 30. Ne2 Qh6 31. Ng3 Bc8 32. Rd2 f5 33. Rfd1 fxe4 34.
Nxe4 Ng4 35. Qg3 Ne3 36. Re1 Nf5 37. Qg5 Qg7 38. Rdd1 h6 39. Qc1 Nd4 40. Ng3
Rde8 41. Be4 Kh7 42. Ne2 Rxe4 $138 43. fxe4 Nxe2+ 44. Rxe2 Bg4 45. Red2 Bxd1
46. Qxd1 Qf6 47. h3 Rf7 48. Kh1 Qf4 49. Rxd6 Qxe4 50. Rd7 Qf5 51. Rxf7+ Qxf7
52. Kg1 Qe7 53. Kf2 h5 54. Qd5 h4 55. Kf3 Kh6 56. Qd2+ g5 57. Qe3 Qd6 58. Kg4
Qd7+ 59. Kf3 Qd1+ 60. Qe2 Qd5+ 61. Qe4 $138 Qd1+ 62. Ke3 Qd6 63. Ke2 Kh5 64.
Qf3+ Kh6 65. Qd3 Qe5+ 66. Qe3 Qd5 67. Kf2 Qf5+ 68. Qf3 Qxc2+ 69. Ke1 Qc1+ 70.
Ke2 Qc2+ 71. Ke1 Qc3+ 72. Qxc3 bxc3 73. Kd1 Kg6 74. Kc2 Kf5 75. Kxc3 Kf4 76.
Kc4 Kg3 77. Kxc5 Kxg2 78. b4 g4 79. hxg4 h3 80. g5 h2 81. g6 {
and B won in a few more moves} 0-1

[Event "Mechanics' Fall TNM; 30/90, SD/30"]
[Site "San Francisco"]
[Date "2010.12.07"]
[Round "8.10"]
[White "Shnaiderman, Lazar"]
[Black "Manvelyan, Hovik"]
[Result "0-1"]
[WhiteElo "1862"]
[BlackElo "2023"]
[PlyCount "70"]
[EventDate "2010.??.??"]

1. d4 e6 2. c4 f5 3. Nf3 Nf6 4. g3 d6 5. Nc3 Be7 6. Bg2 O-O 7. O-O Qe8 8. Qc2
Qg6 9. Re1 Ne4 10. e3 Nxc3 11. Qxc3 Nd7 12. Nd2 e5 13. f4 e4 14. b4 b6 15. Qb3
c5 16. Bb2 h5 17. dxc5 dxc5 18. b5 Bf6 19. Nf1 Bxb2 20. Qxb2 Qf7 21. Qc3 Nf6
22. Nd2 Be6 23. Bf1 h4 24. Be2 hxg3 25. hxg3 Rad8 26. Rac1 Rd7 27. Nf1 Rfd8 28.
Rc2 Rd3 29. Qe5 R3d6 30. Qb2 Qg6 31. Kf2 Ng4+ 32. Bxg4 Qxg4 33. Nh2 Qh5 34. Kg2
Bxc4 35. Qc1 Bxb5 0-1

[Event "Mechanics' Fall TNM; 30/90, SD/30"]
[Site "San Francisco"]
[Date "2010.11.16"]
[Round "5.16"]
[White "Shnaiderman, Lazar"]
[Black "Mar, Henry"]
[Result "1-0"]
[WhiteElo "1862"]
[BlackElo "1556"]
[PlyCount "88"]
[EventDate "2010.??.??"]

1. d4 Nf6 2. c4 g6 3. Nc3 Bg7 4. e4 d6 5. Be2 O-O 6. Bg5 Nbd7 7. f4 b6 8. Nf3
Bb7 9. Qc2 Ng4 10. Qd3 c5 11. d5 Ba6 12. h3 Nh6 13. Bh4 f6 14. Bf2 Nf7 15. g4
Re8 16. h4 e5 17. f5 g5 18. hxg5 Nxg5 19. Be3 h6 20. Rh5 Bc8 21. O-O-O Nf8 22.
Rdh1 Nfh7 23. Nh4 Nf8 24. Bd2 Bd7 25. a4 Rb8 26. Nf3 Rb7 27. Ne1 Qe7 28. Bxg5
fxg5 29. Qh3 Qf6 30. Nf3 Nh7 31. Rxh6 Bxh6 32. Qxh6 Qxh6 33. Rxh6 Re7 34. Rxd6
Rf7 35. Nxe5 Rf6 36. Rxd7 Rxd7 37. Nxd7 Rd6 38. Nb8 Rd8 39. Nc6 Re8 40. e5 Kf7
41. d6 Nf8 42. Ne4 Nd7 43. e6+ Rxe6 44. Nxg5+ Kf6 1-0

[Event "Mechanics' Fall TNM; 30/90, SD/30"]
[Site "San Francisco"]
[Date "2010.11.03"]
[Round "3.16"]
[White "Shnaiderman, Lazar"]
[Black "Olson, David"]
[Result "1-0"]
[WhiteElo "1862"]
[BlackElo "1406"]
[PlyCount "35"]
[EventDate "2010.??.??"]

1. d4 e6 2. c4 c5 3. d5 Qc7 4. Nc3 a6 5. a4 d6 6. Nf3 Nf6 7. e4 g6 8. Be2 Bg7
9. O-O O-O 10. h3 Nbd7 11. Bf4 e5 12. Be3 Nh5 13. Qd2 f5 14. exf5 gxf5 15. Ng5
Ndf6 16. Qc2 f4 17. Bxh5 Nxh5 18. Qxh7# 1-0

[Event "Mechanics' Fall TNM; 30/90, SD/30"]
[Site "San Francisco"]
[Date "2010.11.16"]
[Round "5.22"]
[White "Somerville, Kenneth"]
[Black "Frank, Robert"]
[Result "0-1"]
[WhiteElo "1698"]
[BlackElo "1291"]
[PlyCount "36"]
[EventDate "2010.??.??"]

1. e4 e5 2. Nf3 Nf6 3. Nxe5 d6 4. Nf3 Nxe4 5. Bc4 d5 6. Bb3 c5 7. Qe2 Be6 8.
O-O c4 9. Ba4+ Nc6 10. b3 Qf6 11. c3 Nc5 12. Bxc6+ bxc6 13. bxc4 dxc4 14. Na3
Qf4 15. d4 cxd3 16. Bxf4 dxe2 17. Rfe1 Nd3 18. Rxe2 Bxa3 0-1

[Event "Mechanics' Fall TNM; 30/90, SD/30"]
[Site "San Francisco"]
[Date "2010.10.20"]
[Round "1.8"]
[White "Somerville, Kenneth"]
[Black "Gaffagan, Steven"]
[Result "0-1"]
[WhiteElo "1698"]
[BlackElo "2054"]
[PlyCount "84"]
[EventDate "2010.??.??"]

1. e4 c5 2. Nf3 d6 3. c3 Nf6 4. Bd3 g6 5. Bc2 Bg7 6. d3 Nc6 7. Be3 Ng4 8. Bg5
h6 9. Bh4 Qb6 10. Bb3 O-O 11. h3 Nf6 12. O-O Na5 13. Nbd2 Nxb3 14. axb3 Qc7 15.
Bg3 b6 16. Re1 e5 17. Nc4 Nh5 18. Bh2 Bb7 19. Nh4 Nf4 20. Qd2 Qe7 21. Bxf4 Qxh4
22. Bg3 Qe7 23. f4 Kh7 24. Kh2 h5 25. Qe2 h4 26. Bf2 exf4 27. Qg4 g5 28. Qf5+
Kg8 29. e5 d5 30. Nd6 Bc6 31. d4 Bd7 32. Qd3 Qe6 33. c4 dxc4 34. bxc4 cxd4 35.
Bxd4 Rfd8 36. Qf3 Bf8 37. Bxb6 g4 38. hxg4 Rdb8 39. Bc5 Rxb2 40. Qxa8 Qxg4 41.
Qf3 Qxf3 42. Rg1 Qh3# 0-1

[Event "Mechanics' Fall TNM; 30/90, SD/30"]
[Site "San Francisco"]
[Date "2010.11.30"]
[Round "7.21"]
[White "Somerville, Kenneth"]
[Black "Hilliard, Michael"]
[Result "1-0"]
[WhiteElo "1698"]
[BlackElo "1543"]
[PlyCount "73"]
[EventDate "2010.??.??"]

1. e4 c6 2. d4 d5 3. Nc3 dxe4 4. Nxe4 Nd7 5. Bc4 Ngf6 6. Nc3 e6 7. Nf3 Nb6 8.
Bb3 Be7 9. O-O O-O 10. Re1 Nbd5 11. Ne2 b5 12. a4 a6 13. Bd2 Bd7 14. c4 bxc4
15. Bxc4 c5 16. a5 Qc7 17. Rc1 Qa7 18. Bg5 Rfc8 19. Ne5 cxd4 20. Qd3 Nb4 21.
Qf3 Nc6 22. Nxd7 Qxd7 23. b3 Ne5 24. Qf4 Nc6 25. Red1 e5 26. Qf3 Qb7 27. Bxf6
Bxf6 28. Bd5 Qe7 29. Bxc6 Rab8 30. Bd5 Rd8 31. Rc4 Rb5 32. Be4 Rxa5 33. Rdc1
Bg5 34. Rc7 Qxc7 35. Rxc7 Ra1+ 36. Nc1 Bxc1 37. Qxf7+ 1-0

[Event "Mechanics' Fall TNM; 30/90, SD/30"]
[Site "San Francisco"]
[Date "2010.12.14"]
[Round "9.15"]
[White "Somerville, Kenneth"]
[Black "Sherwood, Peter"]
[Result "0-1"]
[WhiteElo "1698"]
[BlackElo "1808"]
[PlyCount "74"]
[EventDate "2010.??.??"]

1. e4 c5 2. Nf3 d6 3. c3 Nf6 4. Bd3 Nc6 5. Bc2 Bg4 6. d3 e6 7. Nbd2 Be7 8. Nf1
Nd7 9. Bf4 Nde5 10. N1d2 O-O 11. h3 Bxf3 12. Nxf3 Ng6 13. Bg3 d5 14. e5 d4 15.
h4 Re8 16. h5 Nf8 17. Qd2 Nd7 18. Ba4 Nb6 19. Bc2 Nd5 20. a3 Qa5 21. c4 Qxd2+
22. Nxd2 Nb6 23. f4 $138 f5 24. h6 g5 25. Rh5 gxf4 26. Bxf4 Kf7 27. Nf3 Rg8 28.
Bg5 Kg6 29. g4 fxg4 30. Bxe7 Kxh5 31. O-O-O Nxe7 32. Rh1+ Kg6 33. Nh4+ Kg5 34.
b4 Nd7 35. Ng2 Raf8 36. Ba4 Nxe5 37. Re1 Nxd3+ 0-1